[Event "Stuttgarter Stadtmeisterschaft B"]
[Site "Ditzingen"]
[Date "2015.05.14"]
[Round "1.26"]
[White "Schmölzing, Matthias"]
[Black "Hahn, Martin"]
[Result "0-1"]
[WhiteElo "1568"]
[BlackElo "1809"]
[PlyCount "84"]
[EventDate "2015.??.??"]
[WhiteTeam "SV Würzburg"]
[BlackTeam "SF Oeffingen e.V."]

1. e4 d5 2. exd5 Qxd5 3. Nc3 Qd8 4. d4 Nf6 5. Nf3 c6 6. a4 Bf5 7. Bc4 e6 8. O-O
Bb4 9. Na2 Be7 10. Be3 Nbd7 11. Bd3 Bxd3 12. Qxd3 O-O 13. Rad1 Qa5 14. b3 Qh5
15. c4 Bd6 16. Nc3 Ng4 17. h3 Nxe3 18. fxe3 f5 19. c5 Bc7 20. Qc4 Rae8 21. b4
Nf6 22. b5 Nd5 23. Nxd5 exd5 24. Qb3 Qh6 25. Rfe1 Re7 26. b6 axb6 27. cxb6 Bg3
28. Re2 Rfe8 29. Rd3 g5 30. Nd2 Bb8 31. Nf1 f4 32. Rf2 Rf8 33. exf4 Rxf4 34.
Rxf4 Bxf4 35. Qd1 Qg6 36. g3 Bd6 37. Qd2 h6 38. Re3 Rf7 39. Re8+ Kg7 40. Qe2
Qb1 41. Kg2 Qxb6 42. Qe6 Qb2+ 0-1

[Event "Stuttgarter Stadtmeisterschaft B"]
[Site "Ditzingen"]
[Date "2015.05.14"]
[Round "1.27"]
[White "Muench, Werner"]
[Black "Schreiber, Winfried"]
[Result "1-0"]
[WhiteElo "1804"]
[BlackElo "1563"]
[PlyCount "83"]
[EventDate "2015.??.??"]
[WhiteTeam "SC Widdern"]

1. d4 Nf6 2. c4 e6 3. Nf3 g6 4. Nc3 Bg7 5. Bg5 O-O 6. e3 d6 7. Be2 Nbd7 8. O-O
h6 9. Bh4 a6 10. Qc2 b6 11. Nd2 Bb7 12. f4 Qc8 13. Bxf6 Nxf6 14. Bf3 Bxf3 15.
Rxf3 c5 16. d5 Qb8 17. e4 Nd7 18. dxe6 fxe6 19. Raf1 b5 20. f5 Ne5 21. Rg3 b4
22. Ne2 exf5 23. exf5 g5 24. Ne4 Ra7 25. f6 Raf7 26. h4 Bxf6 27. hxg5 Bxg5 28.
Rxf7 Rxf7 29. Nxg5 Rg7 30. Nf3 Rxg3 31. Nxg3 Qe8 32. Nxe5 dxe5 33. Qf5 a5 34.
Ne4 Qe7 35. Qg6+ Qg7 36. Qxg7+ Kxg7 37. Nxc5 Kf6 38. Kf2 Kf5 39. Ke3 h5 40. b3
h4 41. Ne4 Ke6 42. Ng5+ 1-0

[Event "Stuttgarter Stadtmeisterschaft B"]
[Site "Ditzingen"]
[Date "2015.05.14"]
[Round "1.28"]
[White "Blum, Michael"]
[Black "Zimmermann, Tobias"]
[Result "1/2-1/2"]
[WhiteElo "1562"]
[BlackElo "1804"]
[PlyCount "38"]
[EventDate "2015.??.??"]
[WhiteTeam "SC Aidlingen"]
[BlackTeam "SC Schachmatt Botnang"]

1. e4 c5 2. Nf3 d6 3. d4 cxd4 4. Nxd4 Nf6 5. Nc3 a6 6. Bc4 e6 7. Bb3 Nbd7 8.
O-O Nc5 9. Qf3 Qc7 10. a3 Nxb3 11. Nxb3 b5 12. Qd3 Bb7 13. Re1 Be7 14. Qg3 h5
15. h4 Rc8 16. f3 d5 17. Bf4 Qb6+ 18. Be3 Qc7 19. Bf4 Qb6+ 1/2-1/2

[Event "Stuttgarter Stadtmeisterschaft B"]
[Site "Ditzingen"]
[Date "2015.05.14"]
[Round "1.29"]
[White "Bälz, Jürgen"]
[Black "Lechler, Walter"]
[Result "1-0"]
[WhiteElo "1802"]
[BlackElo "1562"]
[PlyCount "105"]
[EventDate "2015.??.??"]
[WhiteTeam "TSV Willsbach"]
[BlackTeam "SK Dinkelsbühl"]

1. Nf3 d5 2. d4 Nf6 3. c4 e6 4. g3 Be7 5. Bg2 O-O 6. O-O b6 7. Qc2 Bb7 8. b3
Nbd7 9. Bb2 c5 10. cxd5 exd5 11. Nc3 Rc8 12. Rac1 a6 13. Qb1 Bd6 14. e3 Qe7 15.
Rfd1 Rfe8 16. dxc5 Nxc5 17. Nd4 g6 18. b4 Nce4 19. Nxe4 dxe4 20. b5 Rxc1 21.
Rxc1 axb5 22. Nxb5 Bc5 23. Ba1 Nd7 24. Qb2 Ne5 25. Rd1 f6 26. Nc3 Rd8 27. Qb3+
Kg7 28. Nxe4 Rxd1+ 29. Qxd1 Bxe4 30. Bxe4 Qd7 31. Qxd7+ Nxd7 32. Kf1 Kf7 33.
Bd5+ Ke7 34. Ke2 h6 35. Bd4 Kd6 36. Bf7 g5 37. f4 Ke7 38. Bb3 h5 39. h3 Kd6 40.
Bf7 h4 41. Bxc5+ Nxc5 42. gxh4 gxf4 43. exf4 Ke7 44. Bb3 f5 45. Ke3 Kf6 46. Bc2
Ne6 47. Bb3 Nc5 48. h5 Ne6 49. Bxe6 Kxe6 50. Kd4 Kf6 51. Kd5 b5 52. Kd6 b4 53.
Kd5 1-0

[Event "Stuttgarter Stadtmeisterschaft B"]
[Site "Ditzingen"]
[Date "2015.05.14"]
[Round "1.30"]
[White "Grünwald, Max"]
[Black "Rieder, Josef"]
[Result "0-1"]
[WhiteElo "1560"]
[BlackElo "1800"]
[PlyCount "56"]
[EventDate "2015.??.??"]
[WhiteTeam "SV Jedesheim"]
[BlackTeam "Stuttgarter SF"]

1. e4 c5 2. b4 cxb4 3. d4 d5 4. e5 Nc6 5. a3 g6 6. axb4 Nxb4 7. Ba3 Nc6 8. Nf3
Bg7 9. Bd3 Nh6 10. O-O Bf5 11. Be2 O-O 12. Nh4 Re8 13. Nxf5 Nxf5 14. c3 e6 15.
Bd3 f6 16. f4 Ne3 17. Qf3 Nxf1 18. Kxf1 fxe5 19. fxe5 Ne7 20. Kg1 a6 21. Qg4
Nf5 22. Nd2 Bh6 23. Nb3 b6 24. Bb4 a5 25. Ba3 Rc8 26. Bb5 Rxc3 27. Bxe8 Qxe8
28. Rb1 Qa4 0-1

[Event "Stuttgarter Stadtmeisterschaft B"]
[Site "Ditzingen"]
[Date "2015.05.14"]
[Round "1.31"]
[White "Michna, Marcus"]
[Black "Theuer, Tobias"]
[Result "1/2-1/2"]
[WhiteElo "1798"]
[BlackElo "1560"]
[PlyCount "52"]
[EventDate "2015.??.??"]
[WhiteTeam "TSF Ditzingen"]
[BlackTeam "SG Schwäbisch Gmünd 1872 e.V"]

1. d4 d5 2. Bf4 Bf5 3. e3 e6 4. Nf3 c5 5. c3 Nf6 6. h3 Bd6 7. Bxd6 Qxd6 8. Nbd2
O-O 9. Ne5 cxd4 10. exd4 Nc6 11. Ndf3 h6 12. Bd3 Bxd3 13. Qxd3 Ne4 14. O-O a6
15. Rfe1 Rac8 16. Re2 Ne7 17. Nd2 Nxd2 18. Rxd2 f6 19. Ng6 Nxg6 20. Qxg6 e5 21.
Re1 exd4 22. Rxd4 Rc4 23. Red1 Rxd4 24. Rxd4 Qe5 25. Qc2 b5 26. Qd1 Rd8 1/2-1/2

[Event "Stuttgarter Stadtmeisterschaft B"]
[Site "Ditzingen"]
[Date "2015.05.14"]
[Round "1.32"]
[White "Weber, Yannik"]
[Black "Schröder, Stefan"]
[Result "0-1"]
[WhiteElo "1545"]
[BlackElo "1791"]
[PlyCount "84"]
[EventDate "2015.??.??"]
[WhiteTeam "SC Neckarsulm"]
[BlackTeam "Airbus Helicopters Sportgemeinsc"]

1. e4 d5 2. exd5 Qxd5 3. d4 Nc6 4. Nf3 Bg4 5. Nbd2 Nxd4 6. Be2 Nxf3+ 7. Nxf3
Qxd1+ 8. Bxd1 Nf6 9. h3 Bh5 10. Bf4 c6 11. Ne5 Bxd1 12. Rxd1 Nd5 13. Nd3 f6 14.
c4 Nb6 15. b3 e5 16. Be3 Be7 17. Bc5 Nd7 18. Bxe7 Kxe7 19. f3 Rhd8 20. O-O Nf8
21. Nc5 b6 22. Ne4 Ne6 23. a3 Nd4 24. b4 Nc2 25. Rc1 Nd4 26. Kh2 Rd7 27. c5
Rad8 28. Nd6 Ke6 29. Rfe1 bxc5 30. bxc5 Nb3 31. Rc4 Nxc5 32. Rxc5 Kxd6 33. Rec1
Rc7 34. Ra5 Rb8 35. a4 Rb4 36. Ra6 Kd5 37. Rc2 c5 38. Kg3 c4 39. Kf2 c3 40. Ke3
Kc4 41. f4 exf4+ 42. Kxf4 Kd3+ 0-1

[Event "Stuttgarter Stadtmeisterschaft B"]
[Site "Ditzingen"]
[Date "2015.05.14"]
[Round "1.33"]
[White "Pocrnic, Josip"]
[Black "Hirtreiter, Norbert"]
[Result "1-0"]
[WhiteElo "1782"]
[BlackElo "1531"]
[PlyCount "57"]
[EventDate "2015.??.??"]
[WhiteTeam "SF Conweiler"]
[BlackTeam "SK München Südost"]

1. e4 e5 2. Nf3 Nc6 3. Bb5 Nge7 4. O-O a6 5. Ba4 d5 6. exd5 Qxd5 7. h3 Nf5 8.
Bxc6+ bxc6 9. Nc3 Qd8 10. Nxe5 Bd6 11. Nxc6 Qd7 12. Re1+ Ne7 13. Nxe7 Bxe7 14.
Qe2 Qe6 15. Nd5 Ra7 16. Nxe7 Kxe7 17. Qf1 Re8 18. Rxe6+ Bxe6 19. d4 Bd5 20. Bd2
c6 21. c4 Be6 22. Re1 Kf8 23. d5 cxd5 24. cxd5 Bxd5 25. Bb4+ Rae7 26. Rxe7 Rxe7
27. Qd3 Ke8 28. Bxe7 Kxe7 29. Qxd5 1-0

[Event "Stuttgarter Stadtmeisterschaft B"]
[Site "Ditzingen"]
[Date "2015.05.14"]
[Round "1.34"]
[White "Haro, Niel"]
[Black "Brunner, Jan"]
[Result "1-0"]
[WhiteElo "1531"]
[BlackElo "1773"]
[PlyCount "65"]
[EventDate "2015.??.??"]
[WhiteTeam "Stuttgarter SF"]
[BlackTeam "SpVgg Rommelshausen"]

1. d4 Nf6 2. c4 e6 3. Nf3 b6 4. g3 Bb7 5. Bg2 Bb4+ 6. Nc3 O-O 7. Bg5 d6 8. Qc2
Bxc3+ 9. bxc3 Nbd7 10. h4 h6 11. O-O-O hxg5 12. hxg5 Be4 13. Qd2 Nh7 14. Qf4
Bxf3 15. Rxh7 Bxg2 16. Qh4 f5 17. Qh5 Qxg5+ 18. Qxg5 Kxh7 19. f3 Nf6 20. Rg1
Bxf3 21. exf3 Rae8 22. g4 fxg4 23. fxg4 d5 24. Qh4+ Kg8 25. g5 Ne4 26. g6 Rf2
27. Qh7+ Kf8 28. Qh8+ Ke7 29. Qxg7+ Kd8 30. Rh1 Ref8 31. Rh7 Rf1+ 32. Kb2 R8f2+
33. Ka3 1-0

[Event "Stuttgarter Stadtmeisterschaft B"]
[Site "Ditzingen"]
[Date "2015.05.14"]
[Round "1.35"]
[White "Baars, Mario"]
[Black "Giebler, Kai"]
[Result "1-0"]
[WhiteElo "1771"]
[BlackElo "1528"]
[PlyCount "45"]
[EventDate "2015.??.??"]
[WhiteTeam "SG Schwäbisch Gmünd 1872 e.V"]
[BlackTeam "TSF Ditzingen"]

1. e4 e5 2. Nf3 Nc6 3. d4 exd4 4. Nxd4 Bc5 5. Be3 Qf6 6. c3 Nge7 7. Bc4 d6 8.
O-O Nxd4 9. cxd4 Bb6 10. Nc3 O-O 11. f4 Nc6 12. Nd5 Qh6 13. f5 Qh4 14. Rf4 Qd8
15. Qh5 Bxd4 16. Bxd4 Nxd4 17. Rh4 h6 18. f6 Re8 19. fxg7 Qg5 20. Qxg5 hxg5 21.
Rh8+ Kxg7 22. Rxe8 c6 23. Ne7 1-0

[Event "Stuttgarter Stadtmeisterschaft B"]
[Site "Ditzingen"]
[Date "2015.05.14"]
[Round "1.36"]
[White "Kaufhold, Stephan"]
[Black "Schweizer, Timo"]
[Result "1-0"]
[WhiteElo "1768"]
[BlackElo "1524"]
[PlyCount "83"]
[EventDate "2015.??.??"]
[WhiteTeam "SV Leonberg 1978 eV"]
[BlackTeam "SV Nürtingen 1920"]

1. d4 Nf6 2. c4 g6 3. Nc3 Bg7 4. e4 d6 5. Nf3 O-O 6. Be2 Re8 7. O-O Nbd7 8. h3
e5 9. d5 Nc5 10. Qc2 a5 11. Be3 b6 12. a3 a4 13. Bxc5 bxc5 14. Nd2 Bd7 15. b3
axb3 16. Nxb3 Qc8 17. Nb5 Bh6 18. Qd3 Kh8 19. a4 Nh5 20. Bxh5 gxh5 21. Qf3 h4
22. Qf6+ Bg7 23. Qxh4 Rg8 24. Kh1 f5 25. Nd2 fxe4 26. Nxe4 Qd8 27. Qxd8 Raxd8
28. Nxc7 Bf5 29. f3 h6 30. a5 Bxe4 31. fxe4 Rd7 32. Nb5 Bf8 33. a6 Be7 34. Rf7
Ra8 35. a7 Kg8 36. Raf1 Rc8 37. Nxd6 Rxd6 38. Rxe7 Ra6 39. Rb1 Rf6 40. Rb8 Rff8
41. Rxc8 Rxc8 42. Rb7 1-0

[Event "Stuttgarter Stadtmeisterschaft B"]
[Site "Ditzingen"]
[Date "2015.05.14"]
[Round "1.37"]
[White "Schreiber, Stephan"]
[Black "Kalwei, Reinhard"]
[Result "1-0"]
[WhiteElo "1767"]
[BlackElo "1510"]
[PlyCount "63"]
[EventDate "2015.??.??"]
[WhiteTeam "SC Botnang"]
[BlackTeam "SC Aidlingen"]

1. d4 d5 2. Bf4 e6 3. e3 Bd6 4. Bxd6 Qxd6 5. c3 Nf6 6. Bd3 b6 7. Nf3 Ba6 8.
Bxa6 Nxa6 9. Qa4+ b5 10. Qxb5+ Nd7 11. Ne5 Rb8 12. Qxd7+ Qxd7 13. Nxd7 Kxd7 14.
b3 Rhc8 15. b4 c6 16. Nd2 Nc7 17. Nb3 Nb5 18. Kd2 Nd6 19. Nc5+ Ke7 20. a4 Nc4+
21. Kd3 a5 22. Rhb1 axb4 23. cxb4 Nd6 24. f3 Rb6 25. a5 Rb5 26. e4 Rcb8 27. a6
Nc8 28. exd5 cxd5 29. Kc3 Na7 30. Rb3 Kd6 31. Rba3 Rxb4 32. Nb7+ 1-0

[Event "Stuttgarter Stadtmeisterschaft B"]
[Site "Ditzingen"]
[Date "2015.05.14"]
[Round "1.38"]
[White "Sax, Leon"]
[Black "Jenner, Erik"]
[Result "0-1"]
[WhiteElo "1509"]
[BlackElo "1760"]
[PlyCount "86"]
[EventDate "2015.??.??"]
[WhiteTeam "SK Sachsenheim"]
[BlackTeam "SV Schorndorf"]

1. e4 e6 2. d4 d5 3. e5 c5 4. c3 Nc6 5. Nf3 Qb6 6. a3 Nh6 7. b4 cxd4 8. cxd4
Nf5 9. Bb2 Be7 10. Bd3 a5 11. b5 Ncxd4 12. Nxd4 Nxd4 13. a4 Bb4+ 14. Nc3 Bd7
15. O-O Rc8 16. Rc1 Bc5 17. Qg4 O-O 18. Nxd5 exd5 19. Qxd7 Rfd8 20. Qg4 Ne6 21.
Kh1 Bd4 22. Bxd4 Qxd4 23. Qxd4 Nxd4 24. Rfd1 Nb3 25. Rc2 Rxc2 26. Bxc2 Nc5 27.
f4 g6 28. g4 Kf8 29. Kg2 Ke7 30. f5 b6 31. h3 d4 32. Rd2 d3 33. Bb1 Rd4 34. Kf3
Rxa4 35. Bxd3 Nxd3 36. Rxd3 Rb4 37. Rd5 a4 38. f6+ Ke8 39. h4 a3 40. Rd3 Ra4
41. Rd1 a2 42. Ra1 Kd7 43. Rd1+ Ke6 0-1

[Event "Stuttgarter Stadtmeisterschaft B"]
[Site "Ditzingen"]
[Date "2015.05.14"]
[Round "1.39"]
[White "Strauss, Martin"]
[Black "Schröck, Holger"]
[Result "0-1"]
[WhiteElo "1758"]
[BlackElo "1499"]
[PlyCount "78"]
[EventDate "2015.??.??"]
[WhiteTeam "SC Sillenbuch"]
[BlackTeam "TSV Heumaden"]

1. e4 d6 2. d4 Nf6 3. Nc3 g6 4. Nf3 Bg7 5. Bc4 O-O 6. O-O c6 7. Bb3 b5 8. a3
Bb7 9. Re1 Qc7 10. e5 dxe5 11. Nxe5 Nbd7 12. Bf4 Nxe5 13. Bxe5 Qb6 14. Qe2 e6
15. Rad1 Rad8 16. Qd2 c5 17. Qe3 Ng4 18. Qf4 Nxe5 19. dxe5 c4 20. Ba2 Rxd1 21.
Rxd1 Rd8 22. Rxd8+ Qxd8 23. Qe3 a5 24. f4 b4 25. axb4 axb4 26. Bxc4 bxc3 27.
Qxc3 Qd1+ 28. Kf2 Bf8 29. Be2 Qd5 30. Bf3 Qc5+ 31. Qxc5 Bxc5+ 32. Ke2 Bxf3+ 33.
Kxf3 Kf8 34. g4 Ke7 35. g5 Bg1 36. h3 Kd7 37. b4 Kc6 38. c4 Bd4 39. b5+ Kc5 0-1

[Event "Stuttgarter Stadtmeisterschaft B"]
[Site "Ditzingen"]
[Date "2015.05.14"]
[Round "1.40"]
[White "De Oliveira Vasconcelos, Marcel B"]
[Black "Potthast, Christian"]
[Result "1-0"]
[WhiteElo "1499"]
[BlackElo "1751"]
[PlyCount "57"]
[EventDate "2015.??.??"]
[WhiteTeam "SV Dicker Turm Esslingen"]
[BlackTeam "SF Kornwestheim"]

1. d4 Nf6 2. Nf3 e6 3. Bf4 c5 4. e3 Nc6 5. c3 b6 6. Bd3 Bb7 7. Nbd2 Be7 8. Qe2
d6 9. h3 O-O 10. g4 cxd4 11. exd4 Re8 12. O-O-O a6 13. h4 b5 14. h5 b4 15. g5
Nd5 16. Qe4 g6 17. hxg6 Nxf4 18. gxf7+ Kf8 19. Qxh7 Nxd3+ 20. Kc2 b3+ 21. axb3
Ncb4+ 22. cxb4 Nxb4+ 23. Kb1 Bxg5 24. fxe8=Q+ Kxe8 25. Qg8+ Kd7 26. Qxg5 Qf8
27. Rh7+ Kc8 28. Rc1+ Nc6 29. Rch1 1-0

[Event "Stuttgarter Stadtmeisterschaft B"]
[Site "Ditzingen"]
[Date "2015.05.14"]
[Round "1.41"]
[White "Reichardt, Bernd"]
[Black "Jüttner, Maik"]
[Result "1-0"]
[WhiteElo "1750"]
[BlackElo "1483"]
[PlyCount "65"]
[EventDate "2015.??.??"]
[WhiteTeam "SF Markgräflerland"]
[BlackTeam "SpVgg Rommelshausen"]

1. Nf3 e6 2. d4 d5 3. Bf4 c5 4. e3 Nf6 5. c3 Bd7 6. Ne5 Qb6 7. Qc1 Bb5 8. Bxb5+
Qxb5 9. Na3 Qb6 10. O-O cxd4 11. cxd4 Bxa3 12. Qc8+ Qd8 13. Qxd8+ Kxd8 14. bxa3
Ke7 15. Rac1 Nbd7 16. Rc7 Rab8 17. Rfc1 Rhd8 18. Rb1 Rdc8 19. Rbc1 Rxc7 20.
Rxc7 Ke8 21. Nxd7 Nxd7 22. Rxd7 Rc8 23. Rc7 Rxc7 24. Bxc7 Kd7 25. Bg3 Kc6 26.
Kf1 Kb5 27. Ke2 Kc4 28. Kd2 b5 29. Bd6 a6 30. Bb4 g6 31. g4 h5 32. g5 h4 33. h3
1-0

[Event "Stuttgarter Stadtmeisterschaft B"]
[Site "Ditzingen"]
[Date "2015.05.14"]
[Round "1.42"]
[White "Waibel, Christian"]
[Black "Gheng, Hannelore"]
[Result "1-0"]
[WhiteElo "1481"]
[BlackElo "1744"]
[PlyCount "125"]
[EventDate "2015.??.??"]
[WhiteTeam "SG Schwäbisch Gmünd 1872 e.V"]
[BlackTeam "SF Deizisau"]

1. e4 c5 2. Nf3 d6 3. Bb5+ Bd7 4. Bxd7+ Nxd7 5. d3 Ngf6 6. O-O g6 7. Nc3 Bg7 8.
Bg5 O-O 9. Qd2 Rc8 10. Rfe1 Ng4 11. h3 Nge5 12. Nxe5 Nxe5 13. Nd5 Nc6 14. Rab1
f6 15. Bh6 e6 16. Bxg7 Kxg7 17. Ne3 b5 18. Ng4 g5 19. Re3 h5 20. Nh2 d5 21.
exd5 Qxd5 22. b3 Rfd8 23. Rg3 h4 24. Re3 Kg6 25. Rbe1 Rd6 26. c4 bxc4 27. bxc4
Qxc4 28. dxc4 Rxd2 29. Rxe6 Nd4 30. Ra6 Rc7 31. Ng4 Rc2 32. Nxf6 Kf7 33. Ne4
Kg7 34. Nxg5 Rb7 35. Ne4 Rf7 36. f3 Ne2+ 37. Kf1 Nf4 38. Nxc5 Nxh3 39. Ne4 Nf4
40. Ng5 Rd7 41. Ne6+ Nxe6 42. Raxe6 Rxa2 43. Re7+ Rxe7 44. Rxe7+ Kf6 45. Re4
Kg5 46. Re2 Ra1+ 47. Re1 Ra2 48. Rc1 Kf4 49. c5 Kg3 50. c6 Rf2+ 51. Ke1 Kxg2
52. c7 Rf1+ 53. Kd2 Rf2+ 54. Ke3 Rxf3+ 55. Ke4 Rf8 56. c8=Q Rxc8 57. Rxc8 h3
58. Rg8+ Kh1 59. Rg3 h2 60. Kf4 a5 61. Kg4 a4 62. Kh3 a3 63. Rg2 1-0

[Event "Stuttgarter Stadtmeisterschaft B"]
[Site "Ditzingen"]
[Date "2015.05.14"]
[Round "1.43"]
[White "Hartmann, Christian"]
[Black "Jüttner, Mark"]
[Result "1-0"]
[WhiteElo "1744"]
[BlackElo "1472"]
[PlyCount "125"]
[EventDate "2015.??.??"]
[WhiteTeam "SC Tarrasch München"]
[BlackTeam "SpVgg Rommelshausen"]

1. e4 c5 2. Nf3 d6 3. d4 cxd4 4. Nxd4 g6 5. Nc3 Bg7 6. Be3 e5 7. Ndb5 Bf8 8.
Nxa7 Bd7 9. Bb5 Qa5 10. Bxd7+ Nxd7 11. Nab5 Rc8 12. O-O Ngf6 13. Nxd6+ Bxd6 14.
Qxd6 Rc6 15. Qd3 O-O 16. f3 Qb4 17. Rab1 Rd6 18. Qe2 Nb8 19. a3 Qa5 20. Qf2 Rc8
21. Rfd1 Rcd8 22. Rxd6 Rxd6 23. Rd1 Rxd1+ 24. Nxd1 Qb5 25. Qd2 Nc6 26. c3 Kg7
27. Bh6+ Kg8 28. Qd6 Qb6+ 29. Ne3 Qd8 30. Qxd8+ Nxd8 31. Bg5 Kg7 32. Bxf6+ Kxf6
33. Kf2 h5 34. h4 g5 35. hxg5+ Kxg5 36. g3 Ne6 37. b4 Nc7 38. a4 f6 39. c4 Na6
40. Nd5 f5 41. exf5 Kxf5 42. a5 Ke6 43. Ke3 Kf5 44. g4+ hxg4 45. fxg4+ Kxg4 46.
Ke4 Kg3 47. Kxe5 Kf3 48. Kd6 Ke4 49. b5 Nb8 50. Nb6 Kd4 51. c5 Kc3 52. Nd7 Kb4
53. Nxb8 Kxb5 54. a6 bxa6 55. Nxa6 Kxa6 56. c6 Ka7 57. Kd7 Kb6 58. c7 Kb5 59.
c8=Q Kb4 60. Qc2 Kb5 61. Qc3 Kb6 62. Qc4 Ka7 63. Qb4 1-0

[Event "Stuttgarter Stadtmeisterschaft B"]
[Site "Ditzingen"]
[Date "2015.05.14"]
[Round "1.44"]
[White "Jünk, Stefan"]
[Black "Günay, Nuri"]
[Result "0-1"]
[WhiteElo "1460"]
[BlackElo "1742"]
[PlyCount "76"]
[EventDate "2015.??.??"]
[WhiteTeam "SC Leinzell"]
[BlackTeam "SK Sachsenheim"]

1. e4 e6 2. d4 d5 3. Nc3 Bb4 4. Bd3 Ne7 5. Nge2 c5 6. a3 Bxc3+ 7. Nxc3 cxd4 8.
Bb5+ Bd7 9. Qxd4 Bxb5 10. Nxb5 Qa5+ 11. Qb4 Qxb4+ 12. axb4 Kd7 13. Bf4 Nbc6 14.
O-O-O a6 15. exd5 axb5 16. dxc6+ Kxc6 17. Rd6+ Kc7 18. Kb1 Kc8 19. Rhd1 Nd5 20.
Bg3 Rd8 21. Rxd8+ Kxd8 22. Bd6 Ke8 23. Bg3 Rd8 24. Kc1 Nxb4 25. Rxd8+ Kxd8 26.
Kd2 Kd7 27. Kc3 Nd5+ 28. Kd4 f5 29. Kc5 f4 30. Bh4 h6 31. f3 g5 32. Bf2 Ne3 33.
g3 fxg3 34. Bxg3 Nxc2 35. Bf2 e5 36. Kxb5 Ke6 37. Kc5 Kf5 38. Kc4 Nd4 0-1

[Event "Stuttgarter Stadtmeisterschaft B"]
[Site "Ditzingen"]
[Date "2015.05.14"]
[Round "1.45"]
[White "Zaytsev, Evgeny"]
[Black "Froehlich, Franziska"]
[Result "1-0"]
[WhiteElo "1736"]
[BlackElo "1456"]
[PlyCount "47"]
[EventDate "2015.??.??"]
[WhiteTeam "Stuttgarter SF"]
[BlackTeam "SK Gerlingen"]

1. e4 e6 2. d4 d5 3. Nd2 Nf6 4. e5 Nfd7 5. a3 c5 6. c3 Nc6 7. Ne2 Be7 8. g3 O-O
9. Bh3 b5 10. O-O Qb6 11. Nf3 a5 12. Be3 Ba6 13. Re1 a4 14. Nf4 Na5 15. Rb1
Rac8 16. Nd3 Rc6 17. dxc5 Nxc5 18. Nxc5 Bxc5 19. Nd4 Rcc8 20. Qg4 Kh8 21. Bf1
Nc4 22. Bc1 Rce8 23. Bd3 Bc8 24. Qh4 1-0

[Event "Stuttgarter Stadtmeisterschaft B"]
[Site "Ditzingen"]
[Date "2015.05.14"]
[Round "1.46"]
[White "Krebs, Thomas"]
[Black "Richter, Nils"]
[Result "0-1"]
[WhiteElo "1455"]
[BlackElo "1735"]
[PlyCount "54"]
[EventDate "2015.??.??"]
[WhiteTeam "SK e4 Gerlingen"]
[BlackTeam "TSV/RSK Esslingen"]

1. e4 c6 2. d4 d5 3. e5 Bf5 4. c3 e6 5. Nd2 Nd7 6. f4 Ne7 7. Ngf3 c5 8. Qa4 Nc6
9. Bb5 Qb6 10. Bxc6 bxc6 11. O-O Be7 12. Kh1 O-O 13. a3 a5 14. h3 Bd3 15. Re1
Bb5 16. Qd1 cxd4 17. cxd4 c5 18. a4 Ba6 19. Nb3 Rab8 20. Nxc5 Nxc5 21. dxc5
Bxc5 22. Re2 Bxe2 23. Qxe2 Rfc8 24. h4 Bd4 25. Nxd4 Qxd4 26. h5 h6 27. Ra3
Rxc1+ 0-1

[Event "Stuttgarter Stadtmeisterschaft B"]
[Site "Ditzingen"]
[Date "2015.05.14"]
[Round "1.47"]
[White "Mayer, Dietmar"]
[Black "Funk, Christian"]
[Result "1-0"]
[WhiteElo "1730"]
[BlackElo "1450"]
[PlyCount "97"]
[EventDate "2015.??.??"]
[WhiteTeam "SC Böblingen"]
[BlackTeam "Ssg Fils-Lauter e. V."]

1. d4 d5 2. Nf3 Nf6 3. e3 Bg4 4. h3 Bh5 5. g4 Bg6 6. Ne5 e6 7. h4 h6 8. Nxg6
fxg6 9. Bd3 Kf7 10. Qf3 Be7 11. g5 hxg5 12. hxg5 Rxh1+ 13. Qxh1 Ne4 14. Qf3+
Kg8 15. Bxe4 dxe4 16. Qxe4 Qd5 17. Nc3 Bb4 18. Qxd5 exd5 19. Bd2 c6 20. f3 Nd7
21. e4 Re8 22. e5 Nf8 23. a3 Ba5 24. f4 Ne6 25. Ne2 Bxd2+ 26. Kxd2 Rf8 27. Ke3
Rf7 28. a4 a6 29. a5 Rf8 30. Rc1 Rf7 31. b3 Nc7 32. c4 Re7 33. Nc3 dxc4 34.
bxc4 Kf8 35. d5 cxd5 36. cxd5 Ne8 37. Na4 Nd6 38. Nb6 Nf5+ 39. Kd3 Re8 40. d6
Rd8 41. Rc8 Rxc8 42. Nxc8 Ke8 43. Nb6 Kd8 44. Na4 Nh4 45. Nc5 Ng2 46. Ke4 Nh4
47. Nxb7+ Kd7 48. Nc5+ Kc6 49. d7 1-0

[Event "Stuttgarter Stadtmeisterschaft B"]
[Site "Ditzingen"]
[Date "2015.05.14"]
[Round "1.48"]
[White "Dendic, Amar"]
[Black "Gorb, Eugeniusz"]
[Result "1-0"]
[WhiteElo "1449"]
[BlackElo "1725"]
[PlyCount "49"]
[EventDate "2015.??.??"]
[WhiteTeam "Stuttgarter SF 1879"]
[BlackTeam "SK Sachsenheim"]

1. e4 e6 2. d4 d5 3. Nc3 Bb4 4. Qg4 g6 5. e5 Ne7 6. Bg5 O-O 7. a3 Ba5 8. b4 Bb6
9. Qh4 Nbc6 10. Nf3 Qd7 11. Bd3 f6 12. Bxf6 Nf5 13. Bxf5 exf5 14. b5 Nd8 15.
Ng5 Ne6 16. Nxd5 Ba5+ 17. Kd1 Nxg5 18. Ne7+ Kf7 19. Bxg5 Ke8 20. d5 Qxb5 21.
Qxh7 Be6 22. dxe6 Rd8+ 23. Kc1 Bd2+ 24. Bxd2 Qxe5 25. Rb1 1-0

[Event "Stuttgarter Stadtmeisterschaft B"]
[Site "Ditzingen"]
[Date "2015.05.14"]
[Round "1.49"]
[White "Kusch, Jacek"]
[Black "Conrady, Philipp"]
[Result "1-0"]
[WhiteElo "1720"]
[BlackElo "1366"]
[PlyCount "69"]
[EventDate "2015.??.??"]
[WhiteTeam "SV Urach"]
[BlackTeam "SV Würzburg"]

1. e4 e5 2. Nf3 Nc6 3. d4 exd4 4. Bc4 Bc5 5. Ng5 Nh6 6. Bxf7+ Nxf7 7. Nxf7 Kxf7
8. Qh5+ Kf8 9. Qxc5+ d6 10. Qb5 Qe7 11. Nd2 Kf7 12. Qh5+ g6 13. Qb5 Qe5 14. Qd3
Kg7 15. O-O Rf8 16. Nf3 Qc5 17. Qd2 Kg8 18. b4 Qxb4 19. Qh6 Rf7 20. Ng5 Rg7 21.
f4 Qc5 22. f5 gxf5 23. Ne6 Bxe6 24. Qxe6+ Kh8 25. exf5 d3+ 26. Kh1 Qe5 27. Bh6
Re7 28. Qb3 Rae8 29. f6 Qxf6 30. Bd2 Qg6 31. Bc3+ Ne5 32. cxd3 Rg8 33. Rf2 Qxd3
34. Bxe5+ Rxe5 35. Qxd3 1-0

[Event "Stuttgarter Stadtmeisterschaft B"]
[Site "Ditzingen"]
[Date "2015.05.14"]
[Round "1.50"]
[White "Stegmiller, Dennis"]
[Black "Tölg, Wolfgang"]
[Result "0-1"]
[WhiteElo "1349"]
[BlackElo "1720"]
[PlyCount "62"]
[EventDate "2015.??.??"]
[WhiteTeam "TSF Ditzingen"]
[BlackTeam "SF Oeffingen"]

1. d4 f5 2. c4 e6 3. Nc3 d5 4. cxd5 exd5 5. g3 Nf6 6. Bg2 c6 7. Nf3 Bd6 8. O-O
O-O 9. Qc2 Ne4 10. Nxe4 fxe4 11. Nd2 Bf5 12. e3 Qe7 13. Nb3 Nd7 14. Bd2 Rf6 15.
Rac1 Raf8 16. Na5 Nb8 17. Nb3 Rh6 18. Nc5 b6 19. Nb3 Bh3 20. Bxh3 Rxh3 21. Kg2
Rh6 22. Bc3 Qg5 23. Nd2 Qf5 24. h4 g5 25. f4 gxh4 26. Rh1 Qg4 27. Rh3 Rg6 28.
Nf1 Qf3+ 29. Kh2 hxg3+ 30. Nxg3 Qxe3 31. Nh5 Bxf4+ 0-1

[Event "Stuttgarter Stadtmeisterschaft B"]
[Site "Ditzingen"]
[Date "2015.05.14"]
[Round "1.51"]
[White "Fischer, Lothar"]
[Black "Hoch, Jannik"]
[Result "1-0"]
[WhiteElo "1717"]
[BlackElo "1325"]
[PlyCount "65"]
[EventDate "2015.??.??"]
[WhiteTeam "SV Reutlingen"]
[BlackTeam "SV Dettingen Erms"]

1. e4 c5 2. a3 Nc6 3. b4 cxb4 4. axb4 Nxb4 5. d4 Qc7 6. c3 Nc6 7. Na3 a6 8. d5
Na7 9. Qd4 e5 10. dxe6 fxe6 11. Be2 e5 12. Qc4 Qxc4 13. Nxc4 Nf6 14. f3 Nc6 15.
Nb6 Rb8 16. Be3 Bd6 17. Bc4 Bc7 18. Ne2 Bxb6 19. Bxb6 d6 20. Bc7 Ra8 21. Bxd6
b5 22. Bxb5 Kd7 23. Bxc6+ Kxc6 24. Bxe5 Rf8 25. O-O-O Be6 26. Rd6+ Kc5 27. Rxe6
a5 28. Bd6+ Kc4 29. Bxf8 Rxf8 30. Kc2 Rb8 31. Rc6+ Kb5 32. Nd4+ Ka4 33. Ra1#
1-0

[Event "Stuttgarter Stadtmeisterschaft B"]
[Site "Ditzingen"]
[Date "2015.05.14"]
[Round "1.52"]
[White "Ungerer, Tobias"]
[Black "Hornung, Richard"]
[Result "0-1"]
[WhiteElo "1179"]
[BlackElo "1716"]
[PlyCount "42"]
[EventDate "2015.??.??"]
[WhiteTeam "Schach-Kids Bernhausen"]
[BlackTeam "SG Schwabing München"]

1. e4 e6 2. d4 d5 3. Nc3 dxe4 4. Nxe4 Be7 5. Nf3 Nf6 6. Ng3 O-O 7. Bd3 b6 8.
O-O Bb7 9. c4 c5 10. dxc5 Bxc5 11. Bg5 Nbd7 12. Bc2 Qc7 13. Qd3 Rad8 14. Nh5
Be4 15. Bf4 e5 16. Bxe5 Qxe5 17. Nxf6+ Nxf6 18. Qxd8 Bxf3 19. Qd2 Ng4 20. g3
Nxh2 21. Qd3 Qxg3# 0-1